000 00498nam a2200145Ia 4500
008 230917s9999||||xx |||||||||||||| ||und||
040 _e98423
_aMAIN
041 _aEnglish
082 _a668.414 I2T
100 _aIndia, Ministry of Science and Technology, Department of sci
245 0 _aTechnology evaluation in decorative laminates industry: a report prepared under programmes aimed at technological self r
260 _aNew Delhi
_bGovt of India
_c1994
300 _axviii, 251 p.
942 _cBK
999 _c82087
_d82087